[Event "DRUZYNOWE MISTRZOSTWA POLSKI - I LIGA"]
[Site "Ustron"]
[Date "1899-12-30"]
[Round "6.12"]
[White "Lach, Aleksandra"]
[Black "Starosta, Martyna"]
[Result "1/2-1/2"]
[WhiteTitle "WIM"]
[BlackTitle "WCM"]
[WhiteElo "2188"]
[BlackElo "2038"]

1. e4 e5 2. Nf3 Nc6 3. Bc4 Nf6 4. d3 Be7 5. O-O O-O 6. Re1 d6 7. a4 Kh8 8. h3 Ng8
9. Nc3 f5 10. Nd5 f4 11. b4 Nf6 12. c3 Nxd5 13. exd5 Nb8 14. d4 Nd7 15. Bd3 Bf6
16. dxe5 Bxe5 17. Bb2 Qf6 18. Qc2 a5 19. b5 h6 20. Ra3 b6 21. Qe2 g5 22. Qe4 Rf7
23. Nxe5 Nxe5 24. c4 Re7 25. Bxe5 Qxe5 26. Qxe5+ Rxe5 27. Rxe5 dxe5 28. d6 cxd6
29. Be4 Ra7 30. Rd3 Rd7 31. Bf5 Rd8 32. Bxc8 Rxc8 33. Rxd6 Rxc4 34. Rxh6+ Kg7
35. Rxb6 Rxa4 36. Ra6 Ra1+ 37. Kh2 a4 38. Re6 Rb1 39. Rxe5 a3 40. Re7+ Kf6 41.
Ra7 Rxb5 42. Rxa3 Rb2 43. Rf3 Ke5 44. g4 Rb4 45. Ra3 Kf6 46. Ra6+ Kg7 47. Kg2
Rb3 48. Ra5 Kg6 49. Ra8 Kg7 50. Ra5 Kg6 51. Rf5 Ra3 52. Rf8 Kg7 53. Rb8 Rc3 54.
Rb1 Kg6 55. Rd1 Ra3 56. Rh1 Rb3 57. Rd1 Ra3 58. Rd2 Rb3 59. f3 Ra3 60. Rc2 Rb3
61. Rc6+ Kg7 62. Re6 Rb2+ 63. Kg1 Rb1+ 64. Kf2 Rb2+ 65. Re2 Rb3 1/2-1/2

[Event "DRUZYNOWE MISTRZOSTWA POLSKI - I LIGA"]
[Site "Ustron"]
[Date "1899-12-30"]
[Round "6.13"]
[White "Szpar, Milosz"]
[Black "Maciejczak, Jakub"]
[Result "1/2-1/2"]
[WhiteTitle "FM"]
[BlackTitle "FM"]
[WhiteElo "2397"]
[BlackElo "2371"]

1. e4 d5 2. exd5 Qxd5 3. Nc3 Qd8 4. d4 Nf6 5. Nf3 g6 6. Bc4 Bg7 7. O-O O-O 8. h3
b6 9. Re1 Bb7 10. Bg5 Nc6 11. a3 h6 12. Bf4 e6 13. Bh2 Ne7 14. Be2 Nf5 15. Be5
1/2-1/2

[Event "DRUZYNOWE MISTRZOSTWA POLSKI - I LIGA"]
[Site "Ustron"]
[Date "1899-12-30"]
[Round "6.14"]
[White "Janaszak, Dawid"]
[Black "Mis, Mieszko"]
[Result "0-1"]
[WhiteTitle "FM"]
[BlackTitle "FM"]
[WhiteElo "2356"]
[BlackElo "2350"]

1. d4 Nf6 2. Nf3 e6 3. Bf4 c5 4. e3 Qb6 5. Na3 cxd4 6. Nc4 Qb4+ 7. c3 dxc3 8. bxc3
Qc5 9. Rb1 Ne4 10. Qc2 d5 11. Bd3 Nc6 12. Bxe4 Qxc4 13. Bd3 Qc5 14. O-O g6 15.
Rb5 Qa3 16. Rb3 Qe7 17. e4 Bg7 18. exd5 exd5 19. Bg5 Qc7 20. c4 d4 21. Re1+ Be6
22. Qc1 O-O 23. Bf4 Qc8 24. Ng5 Na5 25. Rb4 Re8 26. h4 Bf8 27. Rb5 b6 28. Ne4
Qd8 29. Bg5 Be7 30. Bxe7 Qxe7 31. Qh6 f6 32. Qf4 Bf5 33. Rxf5 gxf5 34. Qxf5 Kh8
35. Rb1 Rf8 36. Rb5 Nc6 37. f4 Rae8 38. Rd5 Qg7 39. Kh2 Ne7 40. Qd7 Nxd5 41. Qxd5
Rg8 42. Bf1 Qg4 0-1

[Event "DRUZYNOWE MISTRZOSTWA POLSKI - I LIGA"]
[Site "Ustron"]
[Date "1899-12-30"]
[Round "6.15"]
[White "Kozak, Antoni"]
[Black "Dudzinski, Pawel"]
[Result "0-1"]
[WhiteTitle "m"]
[BlackTitle "FM"]
[WhiteElo "2347"]
[BlackElo "2199"]

1. e4 c6 2. d4 d5 3. Nd2 dxe4 4. Nxe4 Nf6 5. Nxf6+ exf6 6. c3 Bd6 7. Bd3 O-O 8.
Qc2 h6 9. Ne2 Qc7 10. Be3 Nd7 11. O-O-O c5 12. Qd2 c4 13. Bb1 Re8 14. Ng3 Nf8
15. Ne4 Rxe4 16. Bxe4 f5 17. f3 fxe4 18. fxe4 f6 19. Qe2 b5 20. Qh5 Bb7 21. Rhe1
Bxe4 22. Bxh6 Qb7 23. Bd2 Qd5 24. Qxd5+ Bxd5 25. g3 Bf3 26. b3 Kf7 27. bxc4 bxc4
28. Rf1 Ba3+ 29. Kc2 Be4# 0-1

[Event "DRUZYNOWE MISTRZOSTWA POLSKI - I LIGA"]
[Site "Ustron"]
[Date "1899-12-30"]
[Round "6.16"]
[White "Szyszylo, Rafal"]
[Black "Chyzy, Jakub"]
[Result "0-1"]
[WhiteTitle "k"]
[BlackTitle "FM"]
[WhiteElo "2188"]
[BlackElo "2249"]

1. e4 e5 2. Nf3 Nc6 3. Bb5 Nge7 4. c3 g6 5. d4 exd4 6. cxd4 a6 7. Ba4 b5 8. Bc2
Bg7 9. O-O O-O 10. d5 Na5 11. Nbd2 c5 12. d6 Nec6 13. e5 Nxe5 14. Nxe5 Bxe5 15.
Nf3 Bg7 16. Bg5 Bf6 17. Bh6 Re8 18. Qd5 Bb7 19. Qd1 Bxb2 20. Rb1 Bg7 21. Bf4 Qf6
22. Bg3 Bf8 23. Bb3 Nxb3 24. Rxb3 Re6 25. a4 b4 26. Qc1 Rc8 27. Ng5 Ree8 28. h4
a5 29. Qc4 h6 30. Nf3 Qe6 31. Qc2 Be4 32. Qd1 Qd5 33. Nd2 Bxg2 34. Re1 Bh3 35.
f3 c4 36. Rb1 Bf5 37. Rc1 c3 38. Nb3 Rxe1+ 39. Bxe1 Qxd1 0-1

[Event "DRUZYNOWE MISTRZOSTWA POLSKI - I LIGA"]
[Site "Ustron"]
[Date "1899-12-30"]
[Round "6.17"]
[White "Czernek, Tymon"]
[Black "Kucza, Karol"]
[Result "1/2-1/2"]
[WhiteTitle "I++"]
[BlackTitle "FM"]
[WhiteElo "2267"]
[BlackElo "2285"]

1. e4 c5 2. Nf3 d6 3. d4 cxd4 4. Nxd4 Nf6 5. Nc3 Nc6 6. Be2 g6 7. Be3 Bg7 8. O-O
O-O 9. h3 Bd7 10. Qd2 Rc8 11. Nxc6 Bxc6 12. Bf3 Nd7 13. Bh6 Bxh6 14. Qxh6 Qb6
15. Rab1 Nf6 16. Qd2 Qc5 17. Rfe1 Rfd8 18. Qf4 Qe5 19. Qe3 b6 20. Qd3 Rc7 21.
Nd5 Bxd5 22. exd5 Qf5 23. Be4 Qg5 24. g3 Nd7 25. f4 Qf6 26. c3 Nc5 27. Qe3 Nxe4
28. Qxe4 Rdc8 29. Rbd1 Kf8 30. Rd4 b5 31. g4 Rc4 32. Red1 a5 33. a3 h6 34. Kg2
Kg7 35. Kg3 1/2-1/2

[Event "DRUZYNOWE MISTRZOSTWA POLSKI - I LIGA"]
[Site "Ustron"]
[Date "1899-12-30"]
[Round "6.18"]
[White "Czerwinska, Milena"]
[Black "Wikar, Martyna"]
[Result "0-1"]
[WhiteTitle "WFM"]
[BlackTitle "k++"]
[WhiteElo "2010"]
[BlackElo "2045"]

1. e4 c5 2. Nf3 d6 3. d4 cxd4 4. Nxd4 Nf6 5. Nc3 a6 6. Bg5 e6 7. f4 Be7 8. Qf3
Qc7 9. O-O-O Nc6 10. h3 h6 11. Bh4 Bd7 12. Bf2 Rc8 13. Rd2 b5 14. g4 b4 15. Nd1
Qa5 16. Kb1 Nxd4 17. Rxd4 d5 18. exd5 Nxd5 19. Rc4 O-O 20. Rg1 Bc6 21. Qg3 Nb6
22. Bxb6 Qxb6 23. g5 hxg5 24. fxg5 Bd6 25. Qg4 Bf3 26. Qxf3 Qxg1 27. Rh4 Qxg5
28. Rh5 Qf4 29. Qg2 Rc5 30. Rxc5 Bxc5 31. Bxa6 g6 32. Bd3 Kg7 33. c3 Rd8 34. Bc2
bxc3 35. Nxc3 Rd2 36. Qh1 Rh2 37. Qd1 Rxh3 38. a4 Qb4 39. Ka2 Bd4 0-1

[Event "DRUZYNOWE MISTRZOSTWA POLSKI - I LIGA"]
[Site "Ustron"]
[Date "1899-12-30"]
[Round "6.19"]
[White "Kowalski, Igor"]
[Black "Kuzmicz, Krystian"]
[Result "1/2-1/2"]
[WhiteTitle "FM"]
[BlackTitle "IM"]
[WhiteElo "2397"]
[BlackElo "2468"]

1. c4 c5 2. g3 g6 3. Bg2 Bg7 4. Nc3 Nc6 5. e3 e6 6. Nge2 Nge7 7. O-O O-O 8. d4
cxd4 9. exd4 d5 10. cxd5 Nxd5 11. Nxd5 exd5 12. Be3 Bg4 13. h3 Bxe2 14. Qxe2 Nxd4
15. Bxd4 Bxd4 16. Rad1 Qf6 17. Bxd5 Rad8 18. Qf3 1/2-1/2

[Event "DRUZYNOWE MISTRZOSTWA POLSKI - I LIGA"]
[Site "Ustron"]
[Date "1899-12-30"]
[Round "6.20"]
[White "Butkiewicz, Lukasz"]
[Black "Chylewski, Patryk"]
[Result "1/2-1/2"]
[WhiteTitle "IM"]
[BlackTitle "FM"]
[WhiteElo "2393"]
[BlackElo "2324"]

1. d4 Nf6 2. c4 e6 3. g3 d5 4. Nf3 Bb4+ 5. Bd2 Be7 6. Bg2 c6 7. Qc2 b6 8. O-O Bb7
9. Bf4 Na6 10. Nbd2 O-O 11. Rad1 Qc8 12. Qb1 c5 13. dxc5 Nxc5 14. Rc1 dxc4 15.
Nxc4 Be4 16. Qa1 Qa6 17. b3 1/2-1/2

[Event "DRUZYNOWE MISTRZOSTWA POLSKI - I LIGA"]
[Site "Ustron"]
[Date "1899-12-30"]
[Round "6.21"]
[White "Kokoszczynski, Jan"]
[Black "Bronowicki, Mateusz"]
[Result "1/2-1/2"]
[WhiteTitle "FM"]
[BlackTitle "FM"]
[WhiteElo "2231"]
[BlackElo "2243"]

1. e4 g6 2. d4 Bg7 3. Nc3 d6 4. Be3 a6 5. a4 Nc6 6. h3 e5 7. Nf3 exd4 8. Nxd4 Nge7
9. Bc4 O-O 10. O-O Kh8 11. Re1 f5 12. exf5 Nxf5 13. Nxf5 Bxf5 14. Qd2 Qh4 15.
f4 Rae8 16. Nd5 Qd8 17. c3 Ne7 18. Bd4 Nxd5 19. Bxd5 c6 20. Bf3 d5 21. Bc5 Rxe1+
22. Rxe1 Re8 23. Re3 Qd7 24. g4 Be6 25. Bd4 Bf7 26. Bxg7+ Kxg7 27. Qd4+ Kg8 28.
Kf2 Rxe3 29. Qxe3 h5 30. Kg3 hxg4 31. Bxg4 Qd8 32. Qa7 Qc7 33. a5 c5 34. Qa8+
Kg7 35. Qc8 Qxa5 36. Qxb7 Qb5 37. Qe7 Qxb2 38. Qxc5 Qd2 39. Qc7 Qe1+ 40. Kf3 Qe4+
41. Kxe4 1/2-1/2

[Event "DRUZYNOWE MISTRZOSTWA POLSKI - I LIGA"]
[Site "Ustron"]
[Date "1899-12-30"]
[Round "6.22"]
[White "Brodowski, Piotr"]
[Black "Praczukowski, Stanislaw"]
[Result "1-0"]
[WhiteTitle "IM"]
[BlackTitle "k"]
[WhiteElo "2446"]
[BlackElo "2173"]

1. Nf3 Nf6 2. c4 b6 3. g3 c5 4. Bg2 Bb7 5. O-O g6 6. Nc3 Bg7 7. d3 O-O 8. e4 d6
9. Be3 Nc6 10. Qd2 Ng4 11. Bg5 f6 12. h3 fxg5 13. hxg4 h6 14. Rae1 Qd7 15. Nh2
Bd4 16. Kh1 e5 17. Nd5 Kg7 18. Bf3 Rf7 19. Bd1 Raf8 20. f3 Nd8 21. Kg2 Ne6 22.
Rh1 h5 23. gxh5 gxh5 24. Ne3 Bxe3 25. Qxe3 Qe7 26. Ref1 Qf6 27. Kf2 Nd4 28. Ke1
b5 29. Kd2 bxc4 30. dxc4 Rb8 31. Kc1 Ba6 32. b3 Rfb7 33. Qd3 Rb4 34. Rf2 d5 35.
exd5 e4 36. Qxe4 Bxc4 37. Ng4 hxg4 38. Qh7+ Kf8 39. fxg4 Qxf2 40. Qh8+ Ke7 41.
Qe5+ 1-0

[Event "DRUZYNOWE MISTRZOSTWA POLSKI - I LIGA"]
[Site "Ustron"]
[Date "1899-12-30"]
[Round "6.23"]
[White "Redzisz, Michal"]
[Black "Skawinski, Arkadiusz"]
[Result "0-1"]
[WhiteTitle "k"]
[BlackTitle "FM"]
[WhiteElo "2164"]
[BlackElo "2384"]

1. d4 d5 2. c4 e6 3. g3 dxc4 4. Nf3 c5 5. Bg2 Nc6 6. e3 cxd4 7. exd4 Nf6 8. O-O
Be7 9. Nbd2 Nxd4 10. Nxc4 Nc6 11. Qe2 Nd5 12. Rd1 O-O 13. Ne3 Bf6 14. Ng4 b6 15.
Nxf6+ Qxf6 16. Bg5 Qf5 17. Rac1 Bb7 18. h4 Rac8 19. Rxc6 Bxc6 20. Nd4 Qg6 21.
f4 Ba4 22. Re1 Nf6 23. Bf3 h5 24. Qa6 Bc2 25. Nc6 Rc7 26. Ne5 Qf5 27. Qe2 Rfc8
28. Rc1 Be4 29. Rxc7 Rxc7 30. Qd2 Bd5 0-1

[Event "DRUZYNOWE MISTRZOSTWA POLSKI - I LIGA"]
[Site "Ustron"]
[Date "1899-12-30"]
[Round "6.24"]
[White "Przezdziecka, Ewa"]
[Black "Moscicka, Pola"]
[Result "1/2-1/2"]
[WhiteTitle "WFM"]
[BlackTitle "k++"]
[WhiteElo "2166"]
[BlackElo "1880"]

1. d4 Nf6 2. Nf3 e6 3. c3 d5 4. Bg5 c5 5. e3 Nc6 6. Nbd2 cxd4 7. exd4 Be7 8. Bd3
Nh5 9. Be3 O-O 10. Ne5 g6 11. f4 f5 12. Ndf3 Nf6 13. O-O Ne4 14. Qe1 Bd7 15. Bf2
Nxf2 16. Rxf2 Bf6 17. Nxc6 bxc6 18. b4 a5 19. a3 Qc7 20. g3 Rfe8 21. Rfa2 Bc8
22. Qe2 Qb6 23. h4 Ba6 24. Bxa6 Rxa6 25. Ne5 Ra7 26. Kg2 Qc7 27. Kf3 Kg7 28. Kf2
h6 29. Kg2 Qd6 30. Kf2 Qc7 1/2-1/2

[Event "DRUZYNOWE MISTRZOSTWA POLSKI - I LIGA"]
[Site "Ustron"]
[Date "1899-12-30"]
[Round "6.25"]
[White "Pakleza, Zbigniew"]
[Black "Plichta, Kamil"]
[Result "1/2-1/2"]
[WhiteTitle "GM"]
[BlackTitle "FM"]
[WhiteElo "2503"]
[BlackElo "2383"]

1. Nf3 Nf6 2. d4 g6 3. e3 Bg7 4. Be2 O-O 5. O-O d6 6. b3 a5 7. c4 e5 8. dxe5 dxe5
9. Ba3 Re8 10. Nc3 e4 11. Qxd8 Rxd8 12. Rad1 Re8 13. Nd4 c6 14. Na4 Nbd7 15. Bd6
Bf8 16. Bg3 Nc5 17. Nb6 Ra6 18. Nxc8 Rxc8 19. Nc2 Raa8 20. Rd2 Be7 21. Rfd1 Kf8
22. Be5 h5 23. h3 Ke8 1/2-1/2

[Event "DRUZYNOWE MISTRZOSTWA POLSKI - I LIGA"]
[Site "Ustron"]
[Date "1899-12-30"]
[Round "6.26"]
[White "Lewtak, Damian"]
[Black "Jakubiec, Artur"]
[Result "1-0"]
[WhiteTitle "IM"]
[BlackTitle "GM"]
[WhiteElo "2377"]
[BlackElo "2463"]

1. e4 c5 2. Nf3 Nc6 3. Bb5 g6 4. Bxc6 dxc6 5. O-O Bg7 6. d3 e5 7. Be3 b6 8. a3
a5 9. Nbd2 a4 10. b3 axb3 11. Nxb3 Qc7 12. a4 Nf6 13. a5 bxa5 14. Nfd2 O-O 15.
Ra4 Ba6 16. c4 Bc8 17. Qc2 Nd7 18. Rfa1 f5 19. f3 f4 20. Bf2 g5 21. Nxc5 Nf6 22.
Ncb3 g4 23. Bc5 Re8 24. Rxa5 Rxa5 25. Rxa5 Qf7 26. Ra8 Bf8 27. Bf2 Qg6 28. fxg4
Bxg4 29. Rxe8 Nxe8 30. Kf1 Qh5 31. Kg1 Bd1 32. Qc3 Nf6 33. h3 Qg5 34. d4 Qg6 35.
dxe5 Nxe4 36. Nxe4 Qxe4 37. Nd2 Qf5 38. c5 Bh5 39. Qd4 Bg6 40. Qa4 Be8 41. Nf3
Be7 42. Kh2 Kf8 43. Qa2 Qe4 44. Qe6 Qg6 45. Qc8 Qc2 46. Bd4 Qg6 47. e6 Bh4 48.
Qc7 Bg3+ 49. Kh1 Qb1+ 50. Ng1 Qg6 51. Be5 Bh4 52. Bd4 Bg3 53. Qd6+ Kg8 54. Qe7
f3 55. Nxf3 Qb1+ 56. Ng1 Qg6 57. Bg7 Qxg7 58. Qxe8+ Qf8 59. Qxc6 Bf2 60. Qd5 Qxc5
61. Qd8+ 1-0

[Event "DRUZYNOWE MISTRZOSTWA POLSKI - I LIGA"]
[Site "Ustron"]
[Date "1899-12-30"]
[Round "6.27"]
[White "Olsen, Filip Boe"]
[Black "Budrewicz, Krzysztof"]
[Result "1-0"]
[WhiteTitle "IM"]
[BlackTitle "m"]
[WhiteElo "2351"]
[BlackElo "2227"]

1. d4 Nf6 2. c4 g6 3. Nc3 Bg7 4. e4 O-O 5. h3 d6 6. Be3 c5 7. Nf3 Qa5 8. Bd3 Nc6
9. O-O Nd7 10. Be2 e5 11. dxc5 dxc5 12. Nd5 f5 13. Ng5 Nf6 14. Nxf6+ Bxf6 15.
Qd5+ Kg7 16. exf5 gxf5 17. Ne6+ Bxe6 18. Qxe6 f4 19. Rad1 Rad8 20. Rxd8 Rxd8 21.
Bh5 Rf8 22. Bc1 Qc7 23. Bf3 Nd4 24. Qg4+ Kh8 25. Bd5 Bg7 26. Kh1 b5 27. b3 Rf6
28. Be4 bxc4 29. bxc4 Ra6 30. g3 f3 31. Qh5 h6 32. Qe8+ 1-0

[Event "DRUZYNOWE MISTRZOSTWA POLSKI - I LIGA"]
[Site "Ustron"]
[Date "1899-12-30"]
[Round "6.28"]
[White "Reza, Wojciech"]
[Black "Szoen, Dariusz"]
[Result "1-0"]
[WhiteTitle "FM"]
[BlackTitle "IM"]
[WhiteElo "2273"]
[BlackElo "2407"]

1. d4 d6 2. e4 Nf6 3. Nc3 e5 4. Nf3 Nbd7 5. Bc4 Be7 6. O-O O-O 7. Re1 c6 8. a4
a5 9. h3 exd4 10. Nxd4 Nc5 11. b3 Re8 12. Bb2 Bf8 13. Qf3 Ncd7 14. Bf1 Qb6 15.
Rad1 d5 16. Qg3 dxe4 17. Nf5 g6 18. Nd6 Re6 19. Ncxe4 Bg7 20. Ng5 Nc5 21. Nxe6
Bxe6 22. Bd4 Nd5 23. Nc4 Qa7 24. Bxg7 Kxg7 25. Qe5+ Kg8 26. Qd4 Nb4 27. Rd2 b6
28. Qh4 Qc7 29. Ne3 Nd5 30. Bc4 Nf4 31. Bxe6 Ncxe6 32. Ng4 h5 33. Nf6+ Kg7 34.
Ne4 Qe5 35. Qg3 f5 36. Qc3 Qxc3 37. Rd7+ Kh6 38. Nxc3 Nc5 39. Rc7 Rd8 40. h4 1-0

[Event "DRUZYNOWE MISTRZOSTWA POLSKI - I LIGA"]
[Site "Ustron"]
[Date "1899-12-30"]
[Round "6.29"]
[White "Tymrakiewicz, Rafal"]
[Black "Renkowski, Piotr"]
[Result "0-1"]
[WhiteTitle "FM"]
[BlackTitle "k+"]
[WhiteElo "2245"]
[BlackElo "2149"]

1. d4 d5 2. Bf4 Nf6 3. e3 e6 4. Nd2 c5 5. c3 Nc6 6. Ngf3 Bd6 7. Bg3 O-O 8. Bd3
b6 9. Qe2 Bb7 10. Rd1 Re8 11. Ne5 Qc7 12. f4 Ne7 13. O-O Ne4 14. Nxe4 dxe4 15.
Bb5 Red8 16. dxc5 Bxc5 17. Bh4 Rxd1 18. Rxd1 Nd5 19. Bf2 a6 20. Ba4 b5 21. Bb3
f6 22. c4 Nb6 23. cxb5 fxe5 24. Bxe6+ Kh8 25. f5 Be7 26. Bg3 Bf6 27. h4 axb5 28.
Qxb5 Ba6 29. Qb4 Bd3 30. Kh2 h6 31. Bf2 Rb8 32. Qe1 Qc2 33. Rd2 Qb1 34. Rd1 Qxb2
35. Kh3 Qe2 36. Qxe2 Bxe2 37. Rb1 h5 38. Rb3 Bg4+ 39. Kh2 g6 40. a4 Bxf5 41. Bd5
Nd7 42. Rc3 Be7 43. Bg3 Bd6 44. Rc6 Rb6 45. Rc2 Nf6 46. Ba2 Ng4+ 47. Kh1 Be6 48.
a5 Rb5 49. Be1 Bxa2 50. Rxa2 Rb1 51. Re2 Bb4 52. a6 Bxe1 53. g3 Bf2+ 54. Kg2 Rg1+
55. Kh3 Rxg3# 0-1

[Event "DRUZYNOWE MISTRZOSTWA POLSKI - I LIGA"]
[Site "Ustron"]
[Date "1899-12-30"]
[Round "6.30"]
[White "Dwilewicz, Katarzyna"]
[Black "Kubicka, Anna"]
[Result "0-1"]
[WhiteTitle "WFM"]
[BlackTitle "WIM"]
[WhiteElo "2134"]
[BlackElo "2264"]

1. e4 c5 2. Nf3 d6 3. d4 cxd4 4. Nxd4 Nf6 5. Nc3 a6 6. a4 g6 7. Be2 Bg7 8. O-O
O-O 9. Be3 Nc6 10. Qd2 Qc7 11. Rfd1 Bd7 12. f3 Nxd4 13. Bxd4 Be6 14. a5 Nd7 15.
Bxg7 Kxg7 16. Nd5 Bxd5 17. exd5 Rac8 18. c3 Nc5 19. Ra3 Kg8 20. h4 Nd7 21. h5
Qc5+ 22. Qd4 gxh5 23. b4 Qxd4+ 24. Rxd4 Nf6 25. f4 Rc7 26. c4 Rb8 27. Rc3 Rbc8
28. Kf2 Kg7 29. Ke3 Rb8 30. Rd1 b6 31. axb6 Rxb6 32. Rb3 Rcb7 33. Rdb1 Kg6 34.
Bd3+ Kh6 35. Kd4 Rb8 36. Be2 Kg7 37. Bd1 Kf8 38. g3 Ke8 39. c5 dxc5+ 40. bxc5
Rxb3 41. Rxb3 Rxb3 42. Bxb3 Kd7 43. Bc2 h6 44. Bd1 a5 45. Bf3 Kc7 46. Kc4 Ng4
47. Bxg4 hxg4 48. f5 f6 49. d6+ exd6 50. Kd5 dxc5 51. Ke6 c4 52. Kxf6 c3 0-1

[Event "DRUZYNOWE MISTRZOSTWA POLSKI - I LIGA"]
[Site "Ustron"]
[Date "1899-12-30"]
[Round "7.1"]
[White "Plichta, Kamil"]
[Black "Kolago, Marcin"]
[Result "1-0"]
[WhiteTitle "FM"]
[BlackTitle "m"]
[WhiteElo "2383"]
[BlackElo "2342"]

1. d4 d5 2. c4 e6 3. Nc3 Nf6 4. cxd5 exd5 5. Bg5 c6 6. e3 Bd6 7. Bd3 Be6 8. Nge2
Nbd7 9. Nf4 Qe7 10. Nh5 Qf8 11. Bxf6 Nxf6 12. Nxf6+ gxf6 13. Qb3 O-O-O 14. O-O-O
Qg7 15. g3 Qg4 16. Rd2 Kb8 17. Kb1 c5 18. Ba6 Rd7 19. Be2 Qf5+ 20. Qc2 cxd4 21.
exd4 Qh3 22. Bf1 Qh5 23. Qd1 Qf5+ 24. Bd3 Qh3 25. Qf3 Qh6 26. Rc2 Be7 27. Na4
Rc8 28. Nc5 Rdc7 29. Rhc1 Ka8 30. h4 b6 31. Nxe6 Qxc1+ 32. Kxc1 1-0

[Event "DRUZYNOWE MISTRZOSTWA POLSKI - I LIGA"]
[Site "Ustron"]
[Date "1899-12-30"]
[Round "7.3"]
[White "Budrewicz, Krzysztof"]
[Black "Zezulkin, Jurij"]
[Result "1-0"]
[WhiteTitle "m"]
[BlackTitle "GM"]
[WhiteElo "2227"]
[BlackElo "2410"]

1. d4 Nf6 2. c4 g6 3. Nc3 d5 4. Nf3 Bg7 5. h4 h6 6. cxd5 Nxd5 7. e4 Nxc3 8. bxc3
c5 9. Be3 Qa5 10. Be2 cxd4 11. Nxd4 Nc6 12. O-O Bd7 13. Qb3 Rb8 14. h5 g5 15.
f4 gxf4 16. Nxc6 Bxc6 17. Rxf4 e6 18. Raf1 Qxc3 19. Rxf7 Qxb3 20. axb3 Bf8 21.
R7f6 Bd7 22. Bxa7 Ra8 23. Be3 Ra2 24. R1f2 b5 25. Rxe6+ 1-0

[Event "DRUZYNOWE MISTRZOSTWA POLSKI - I LIGA"]
[Site "Ustron"]
[Date "1899-12-30"]
[Round "7.4"]
[White "Rawicz, Karol"]
[Black "Reza, Wojciech"]
[Result "0-1"]
[WhiteTitle "FM"]
[BlackTitle "FM"]
[WhiteElo "2225"]
[BlackElo "2273"]

1. d4 Nf6 2. c4 e6 3. Nc3 Bb4 4. Qc2 d6 5. Nf3 Nbd7 6. e3 O-O 7. Be2 e5 8. a3 Bxc3+
9. Qxc3 exd4 10. Nxd4 c5 11. Nf3 d5 12. O-O Qe7 13. b3 Ne4 14. Qc2 dxc4 15. bxc4
b6 16. Bb2 Bb7 17. Rad1 Rfd8 18. Rd3 Ndf6 19. Ne5 Nd6 20. f3 Nfe8 21. Rfd1 f6
22. Ng4 Nf7 23. e4 Ned6 24. Qc3 Qe6 25. Bf1 Bc6 26. h4 Ba4 27. Re1 h5 28. Ne3
Ne5 29. Rd5 Bc6 30. Rd2 Ng6 31. Nd5 Rac8 32. g3 Qe5 33. f4 Qxc3 34. Bxc3 Kf7 35.
e5 Nb5 36. cxb5 Bxd5 37. Rxd5 Rxd5 38. Bc4 Rcd8 39. f5 Ne7 40. exf6 gxf6 41. Re6
Nxf5 42. Rxf6+ Ke7 43. Rg6 Rd1+ 44. Kh2 R8d6 45. Rg5 Rc1 0-1

[Event "DRUZYNOWE MISTRZOSTWA POLSKI - I LIGA"]
[Site "Ustron"]
[Date "1899-12-30"]
[Round "7.5"]
[White "Renkowski, Piotr"]
[Black "Klepek, Witold"]
[Result "1-0"]
[WhiteTitle "k+"]
[BlackTitle "k++"]
[WhiteElo "2149"]
[BlackElo "2159"]

1. e4 e6 2. d4 d5 3. e5 c5 4. c3 Nc6 5. Nf3 Bd7 6. Be2 Nge7 7. Na3 cxd4 8. cxd4
Ng6 9. Nc2 Be7 10. Bd3 O-O 11. h4 f6 12. exf6 Bxf6 13. Ng5 Bxg5 14. hxg5 e5 15.
Qh5 e4 16. Be2 Bf5 17. g4 Be6 18. Bd2 Rc8 19. Bc3 Nf4 20. Qxh7+ Kf7 21. Bd2 Ng6
22. Qh2 Rh8 23. Qg2 Rxh1+ 24. Qxh1 Qh8 25. Qh5 Nce5 26. dxe5 Rxc2 27. Qxh8 Nxh8
28. Bc3 d4 29. Bd1 Rxc3 30. bxc3 dxc3 31. Bb3 Ng6 32. Rc1 Bxb3 33. axb3 Nxe5 34.
Rxc3 Kg6 35. Rc7 b5 36. Rxa7 Kxg5 37. Rxg7+ Kf4 38. Ke2 Nd3 39. Rf7+ Kxg4 40.
Ke3 Nc5 41. Rf4+ Kg5 42. Rxe4 Nxb3 43. Rb4 Na1 44. Rxb5+ Kf6 45. Rb2 1-0

[Event "DRUZYNOWE MISTRZOSTWA POLSKI - I LIGA"]
[Site "Ustron"]
[Date "1899-12-30"]
[Round "7.6"]
[White "Marcinczyk, Monika"]
[Black "Dwilewicz, Katarzyna"]
[Result "1-0"]
[WhiteTitle "WCM"]
[BlackTitle "WFM"]
[WhiteElo "1934"]
[BlackElo "2134"]

1. e4 e5 2. Nf3 Nc6 3. Bb5 a6 4. Ba4 Nf6 5. d3 b5 6. Bb3 Bc5 7. O-O d6 8. c3 Bb6
9. Re1 O-O 10. Nbd2 Ne7 11. Nf1 Ng6 12. Ng3 c6 13. d4 Bg4 14. Be3 exd4 15. cxd4
Nh4 16. Bg5 Nxf3+ 17. gxf3 Bh3 18. Nh5 Kh8 19. Kh1 Rg8 20. Bxf7 Qf8 21. Nxf6 Qxf7
22. Nxg8 Rxg8 23. Be3 d5 24. Rg1 Bc7 25. e5 c5 26. Rg3 Bf5 27. Rc1 c4 28. Qd2
Bd3 29. Rcg1 Bd8 30. Bg5 Bb6 31. Qe3 Re8 32. Bh4 g6 33. Rg4 Bf5 34. Rf4 Kg8 35.
Bf6 Qxf6 36. exf6 Rxe3 37. fxe3 Kf7 38. e4 dxe4 39. fxe4 Bd7 40. Rd1 b4 41. Rc1
Bb5 42. e5 Bc6+ 43. Kg1 Bd5 44. h4 a5 45. a3 h6 46. axb4 axb4 47. Kh2 b3 48. Re1
Bc7 49. Re3 Be6 50. Kg3 g5 51. hxg5 hxg5 52. Rf1 Bb6 53. Re4 Ba5 54. d5 Bxd5 55.
e6+ Bxe6 56. Rxe6 Kxe6 57. f7 Bb4 58. f8=Q Bxf8 59. Rxf8 Kd5 60. Rf3 1-0

[Event "DRUZYNOWE MISTRZOSTWA POLSKI - I LIGA"]
[Site "Ustron"]
[Date "1899-12-30"]
[Round "7.9"]
[White "Luch, Michal"]
[Black "Olsen, Filip Boe"]
[Result "1/2-1/2"]
[WhiteTitle "IM"]
[BlackTitle "IM"]
[WhiteElo "2389"]
[BlackElo "2351"]

1. d4 Nf6 2. c4 e6 3. Nc3 Bb4 4. Qc2 O-O 5. a3 Bxc3+ 6. Qxc3 d5 7. Bg5 dxc4 8.
Qxc4 b6 9. Rd1 Ba6 10. Qc2 h6 11. Bh4 Nbd7 12. e4 Bxf1 13. Kxf1 Qc8 14. Qc6 Qa6+
15. Ne2 Rac8 16. f3 Nb8 17. Qc2 Nbd7 18. Bxf6 Nxf6 19. Qc6 Rfd8 20. Kf2 Rd6 21.
Qc2 Rdd8 22. Nf4 Qb5 23. Rd2 c5 24. d5 exd5 25. e5 Ne8 26. Nxd5 Rd7 27. Rhd1 c4
28. Qf5 Qc6 29. Rd4 Qe6 30. Qe4 Rc5 31. f4 Rcxd5 32. Rxd5 Nf6 33. exf6 Qxe4 34.
Rxd7 Qxf4+ 35. Kg1 Qxf6 36. R1d2 a5 37. R7d5 Qc6 38. h3 b5 39. Kh1 b4 40. axb4
axb4 41. Rf5 Qe4 42. Rf1 c3 43. bxc3 bxc3 44. Rd8+ Kh7 45. Rc8 Qe3 1/2-1/2

[Event "DRUZYNOWE MISTRZOSTWA POLSKI - I LIGA"]
[Site "Ustron"]
[Date "1899-12-30"]
[Round "7.11"]
[White "Skawinski, Arkadiusz"]
[Black "Tymrakiewicz, Rafal"]
[Result "1/2-1/2"]
[WhiteTitle "FM"]
[BlackTitle "FM"]
[WhiteElo "2384"]
[BlackElo "2245"]

1. e4 c6 2. Nf3 d5 3. Nc3 dxe4 4. Nxe4 Nf6 5. Qe2 Bg4 6. h3 Bh5 7. Ng3 Bg6 8. Ne5
Nbd7 9. Nxg6 hxg6 10. b3 Qa5 11. Bb2 e6 12. Ne4 O-O-O 13. Bc3 Qd5 14. Nxf6 Nxf6
15. Qc4 Bc5 16. Qxd5 exd5 17. Bxf6 Rde8+ 18. Be2 gxf6 19. Kf1 Re7 20. Re1 Rhe8
21. Bg4+ f5 22. Rxe7 Bxe7 23. Be2 Bg5 24. Ke1 f4 25. Kd1 Bh4 26. Rf1 Re7 27. Bd3
Kd7 28. c3 Kd6 29. a4 Kd7 30. Kc2 Ke8 31. Kd1 Kd8 32. Kc2 Kc7 33. Kd1 Kd6 34.
Kc2 a6 35. b4 b5 36. axb5 axb5 37. Kb2 Ke5 1/2-1/2

[Event "DRUZYNOWE MISTRZOSTWA POLSKI - I LIGA"]
[Site "Ustron"]
[Date "1899-12-30"]
[Round "7.12"]
[White "Kubicka, Anna"]
[Black "Przezdziecka, Ewa"]
[Result "1-0"]
[WhiteTitle "WIM"]
[BlackTitle "WFM"]
[WhiteElo "2264"]
[BlackElo "2166"]

1. Nf3 Nf6 2. c4 e6 3. d4 Bb4+ 4. Nbd2 b6 5. a3 Bxd2+ 6. Bxd2 Bb7 7. e3 O-O 8.
Bd3 Ne4 9. Qc2 f5 10. O-O Nxd2 11. Nxd2 Qg5 12. e4 Nc6 13. Nf3 Qf4 14. exf5 exf5
15. Rae1 g6 16. Qc3 Rae8 17. d5 Nb8 18. h4 c6 19. Rxe8 Rxe8 20. Re1 Rxe1+ 21.
Qxe1 Kf8 22. Qc3 Kg8 23. Qf6 Qc1+ 24. Bf1 Qh6 25. Ng5 Qg7 26. Qd8+ Qf8 27. Qc7
Qc8 28. Qe5 Qf8 29. b4 cxd5 30. cxd5 d6 31. Qe6+ Kg7 32. Qe3 Bc8 33. Qc3+ Kg8
34. Qc7 Bd7 35. Ne6 Bxe6 36. dxe6 d5 37. e7 Qe8 38. Bb5 1-0

[Event "DRUZYNOWE MISTRZOSTWA POLSKI - I LIGA"]
[Site "Ustron"]
[Date "1899-12-30"]
[Round "7.13"]
[White "Maciejczak, Jakub"]
[Black "Kowalski, Igor"]
[Result "1/2-1/2"]
[WhiteTitle "FM"]
[BlackTitle "FM"]
[WhiteElo "2371"]
[BlackElo "2397"]

1. Nf3 d5 2. g3 g6 3. Bg2 Bg7 4. O-O e5 5. c4 dxc4 6. Qa4+ Nc6 7. Qxc4 Nge7 8.
d3 O-O 9. Nc3 Be6 10. Qa4 h6 11. Bd2 f5 12. Rac1 g5 13. Qd1 Qe8 14. Na4 b6 15.
b3 Rd8 16. Bc3 Bd5 17. Qc2 Qh5 18. b4 a6 19. Qb2 Ng6 20. Ne1 Bxg2 21. Nxg2 f4
22. b5 axb5 23. Qxb5 Nce7 24. Ba1 Nd5 25. Nc3 Nge7 26. Nxd5 Nxd5 27. Qc4 Rf7 28.
f3 Qg6 29. Qe4 Qxe4 30. fxe4 Nb4 31. a3 Na6 32. Ne1 g4 33. h3 h5 34. hxg4 hxg4
35. Rc6 1/2-1/2